书目信息 |
| 题名: |
中国农村大龄未婚男性:性现状、性风险和性安全
|
|
| 作者: | 张群林 , 李树茁 , 伊莎贝拉 著 | |
| 分册: | ||
| 出版信息: | 北京 社会科学文献出版社 2015 |
|
| 页数: | 221页 | |
| 开本: | 24cm | |
| 丛书名: | 西安交通大学人口与发展研究所学术文库 | |
| 单 册: | ||
| 中图分类: | D669.1 | |
| 科图分类: | ||
| 主题词: | 农村--nong cun--男性--性问题--研究--中国 | |
| 电子资源: | ||
| ISBN: | 978-7-5097-7347-5 | |
| 000 | 01439nam0 22002891 450 | |
| 001 | 0109172515 | |
| 005 | 20170309172515.0 | |
| 010 | @a978-7-5097-7347-5@dCNY69.00 | |
| 100 | @a20150923d2015 em y0chiy50 ea | |
| 101 | 0 | @achi@deng@eeng |
| 102 | @aCN@b110000 | |
| 105 | @ay z 000yy | |
| 106 | @ar | |
| 200 | 1 | @a中国农村大龄未婚男性:性现状、性风险和性安全@9zhong guo nong cun da ling wei hun nan xing xing xian zhuang xing feng xian he xing an quan@dStudy on sexuality of forced male bachelors in rural China: current status, risks and safety@f张群林,李树茁,(法)阿塔尼·伊莎贝拉著@zeng |
| 210 | @a北京@c社会科学文献出版社@d2015 | |
| 215 | @a221页@d24cm | |
| 225 | 2 | @a西安交通大学人口与发展研究所学术文库@9xi an jiao tong da xue ren kou yu fa zhan yan jiu suo xue shu wen ku |
| 330 | @a本书从生理维度、心理维度和社会维度入手,构建了婚姻挤压下农村大龄未婚男性群休的“性”的分析框架,多层次、多维度地描述其性现状,探讨其性风险影响机制和性安全影响机制。 | |
| 461 | 0 | @12001 @a西安交通大学人口与发展研究所学术文库 |
| 510 | 1 | @aStudy on sexuality of forced male bachelors in rural China: current status, risks and safety@zeng |
| 606 | 0 | @a农村@9nong cun@x男性@x性问题@x研究@y中国 |
| 690 | @aD669.1@v5 | |
| 701 | 0 | @a张群林@9zhang qun lin@f(1979-)@4著 |
| 701 | 0 | @a李树茁@9li shu zhuo@4著 |
| 701 | 0 | @c(法)@a伊莎贝拉@9yi sha bei la@f(1966-)@4著 |
| 801 | 0 | @aCN@bTANGWEI@c20170308 |
| 905 | @b0954183-5@dD669.1@e170@f3 | |
| 中国农村大龄未婚男性:性现状、性风险和性安全=Study on sexuality of forced male bachelors in rural China: current status, risks and safety/张群林,李树茁,(法)阿塔尼·伊莎贝拉著.-北京:社会科学文献出版社,2015 |
| 221页;24cm.-(西安交通大学人口与发展研究所学术文库) |
| ISBN 978-7-5097-7347-5:CNY69.00 |
| 本书从生理维度、心理维度和社会维度入手,构建了婚姻挤压下农村大龄未婚男性群休的“性”的分析框架,多层次、多维度地描述其性现状,探讨其性风险影响机制和性安全影响机制。 |
| ● |
| 相关链接 |
|
|
|
|
正题名:中国农村大龄未婚男性:性现状、性风险和性安全
索取号:D669.1/170
 
预约/预借
| 序号 | 登录号 | 条形码 | 馆藏地/架位号 | 状态 | 备注 |
| 1 | 0954183 | 209541833 | 第一样本阅览室/ [索取号:D669.1/170] | 在馆 | |
| 2 | 0954184 | 209541842 | 第一借阅区/ [索取号:D669.1/170] | 在馆 | |
| 3 | 0954185 | 209541851 | 第一借阅区/ [索取号:D669.1/170] | 在馆 |